William McKinley, his life and work, (Record no. 89739)

MARC details
000 -LEADER
fixed length control field 00958cam a22002771 4500
001 - CONTROL NUMBER
control field sd 19000181
003 - CONTROL NUMBER IDENTIFIER
control field DLC
005 - DATE AND TIME OF LATEST TRANSACTION
control field 20260227112731.0
007 - PHYSICAL DESCRIPTION FIXED FIELD--GENERAL INFORMATION
fixed length control field cr_|||||||||||
007 - PHYSICAL DESCRIPTION FIXED FIELD--GENERAL INFORMATION
fixed length control field cr_|||||||||||
008 - FIXED-LENGTH DATA ELEMENTS--GENERAL INFORMATION
fixed length control field 720602s1901 xx 000 0 eng
010 ## - LIBRARY OF CONGRESS CONTROL NUMBER
LC control number sd 19000181
035 ## - SYSTEM CONTROL NUMBER
System control number (OCoLC)322904
040 ## - CATALOGING SOURCE
Original cataloging agency DLC
Transcribing agency OKentU
Modifying agency OCoLC
-- DLC
042 ## - AUTHENTICATION CODE
Authentication code premarc
050 00 - LIBRARY OF CONGRESS CALL NUMBER
Classification number E711.6
Item number .G76
100 1# - MAIN ENTRY--PERSONAL NAME
Personal name Grosvenor, Charles Henry,
Dates associated with a name 1833-1917.
245 10 - TITLE STATEMENT
Title William McKinley, his life and work,
Statement of responsibility, etc. by Charles H. Grosvenor.
260 ## - PUBLICATION, DISTRIBUTION, ETC.
Place of publication, distribution, etc. Washington, D.C.,
Name of publisher, distributor, etc. The Continental assembly,
Date of publication, distribution, etc. 1901.
300 ## - PHYSICAL DESCRIPTION
Extent 190 p.
Other physical details illus.
Dimensions 26 cm.
530 ## - ADDITIONAL PHYSICAL FORM AVAILABLE NOTE
Additional physical form available note Also available in digital form on the Internet Archive Web site.
530 ## - ADDITIONAL PHYSICAL FORM AVAILABLE NOTE
Additional physical form available note Also available in digital form on the Internet Archive Web site.
600 10 - SUBJECT ADDED ENTRY--PERSONAL NAME
Personal name McKinley, William,
Dates associated with a name 1843-1901
856 41 - ELECTRONIC LOCATION AND ACCESS
Uniform Resource Identifier <a href="http://hdl.loc.gov/loc.gdc/scd0001.00137882966">http://hdl.loc.gov/loc.gdc/scd0001.00137882966</a>
856 41 - ELECTRONIC LOCATION AND ACCESS
Uniform Resource Identifier <a href="http://hdl.loc.gov/loc.gdc/scd0001.00004842868">http://hdl.loc.gov/loc.gdc/scd0001.00004842868</a>

No items available.

Powered by Koha